[Event "Hastings Masters 2016-17"]
[Site "Hastings ENG"]
[Date "2016.12.31"]
[Round "4.28"]
[White "Forster, Matthew"]
[Black "Eames, Robert S"]
[Result "0-1"]
[BlackTitle "FM"]
[WhiteElo "1813"]
[BlackElo "2187"]
[WhiteFideId "437123"]
[BlackFideId "408743"]
[EventDate "2016.12.28"]

1. c4 e5 2. g3 c6 3. d4 e4 4. d5 cxd5 5. cxd5 Nf6 6. a3 Bc5 7. e3 d6 8. Nc3 a6
9. Bg2 Bf5 10. Nxe4 Nbd7 11. Nxf6+ Qxf6 12. Nf3 Rc8 13. O-O Be4 14. Nd4 Bxg2 15.
Kxg2 h5 16. Qf3 Bxd4 17. exd4 Qxf3+ 18. Kxf3 Nb6 19. Bf4 Kd7 20. Rac1 Nxd5 21.
h4 b5 22. Be3 f5 23. Ke2 Rc4 24. Rxc4 bxc4 25. Rc1 Rc8 26. Kd2 Nf6 27. f3 Ke6
28. Bg5 Kd5 29. Bxf6 gxf6 30. Ke3 Rb8 31. Rc2 Rb3+ 32. Kf4 Kxd4 33. Rd2+ Rd3 34.
Rf2 d5 35. g4 fxg4 36. fxg4 Rh3 37. Rd2+ Kc5 38. gxh5 Rxh4+ 39. Kf5 Rxh5+ 40.
Kxf6 d4 41. Ke6 Rd5 42. Rc2 d3 43. Rd2 Kd4 44. Rh2 Re5+ 45. Kd6 Re2 46. Rh4+ Re4
47. Rh2 Rg4 48. Kc6 Rg6+ 49. Kb7 Ke3 50. Rh3+ Kf2 51. Rh2+ Rg2 52. Rh4 d2 53.
Rxc4 d1=Q 54. Kxa6 Qd6+ 55. Ka5 Rg5+ 56. Ka4 Qa6+ 0-1

[Event "Hastings Masters 2016-17"]
[Site "Hastings ENG"]
[Date "2016.12.31"]
[Round "4.29"]
[White "Healey, Michael W"]
[Black "Miller, Dominic"]
[Result "1/2-1/2"]
[WhiteElo "2173"]
[BlackElo "1954"]
[WhiteFideId "410012"]
[BlackFideId "438065"]
[EventDate "2016.12.28"]

1. b4 d5 2. Bb2 Nf6 3. e3 g6 4. c4 c6 5. f4 Bg7 6. Nf3 O-O 7. Be2 Nbd7 8. cxd5
cxd5 9. O-O a5 10. b5 Nc5 11. Bd4 Ne6 12. Be5 Ne4 13. Qc1 Bxe5 14. Nxe5 d4 15.
d3 Nd6 16. e4 Nxe4 17. f5 Ng7 18. fxg6 hxg6 19. Nxg6 fxg6 20. dxe4 Be6 21. Rxf8+
Qxf8 22. Bd3 Rc8 23. Qg5 Qf6 24. Qxf6 exf6 25. Nd2 Rc3 26. Bf1 d3 27. Kf2 f5 28.
Ke3 fxe4 29. Nxe4 Nf5+ 30. Kd2 Rc2+ 31. Kxd3 Rxa2 32. Rxa2 Bxa2 33. g4 Ne7 34.
Kd4 Kf8 35. Nc3 Be6 36. h3 Nc8 37. Bd3 Bf7 38. Ne4 Ke7 39. Kc5 Kd7 40. b6 Kd8
41. Bb5 Bb3 42. Nc3 Ke7 43. g5 Nd6 44. Bd3 Bf7 45. Nd5+ Kd7 46. Nf4 a4 47. Kb4
Nc8 48. Nxg6 Nxb6 49. Ne5+ Ke7 50. Nxf7 Kxf7 51. Bf5 Nd5+ 52. Kxa4 Ne7 53. Bg4
Kg6 54. h4 Nd5 55. Ka5 Nf4 56. Bf3 Ne6 57. Bxb7 Nxg5 58. hxg5 Kxg5 1/2-1/2

[Event "Hastings Masters 2016-17"]
[Site "Hastings ENG"]
[Date "2016.12.31"]
[Round "4.30"]
[White "Thogersen, Rasmus"]
[Black "Howell, Oliver W"]
[Result "1-0"]
[WhiteElo "2161"]
[BlackElo "1575"]
[WhiteFideId "1431412"]
[BlackFideId "435929"]
[EventDate "2016.12.28"]

1. d4 e6 2. e4 d5 3. e5 c5 4. c3 Nc6 5. Nf3 Bd7 6. a3 f6 7. exf6 Nxf6 8. Bd3
cxd4 9. cxd4 Bd6 10. O-O O-O 11. Nc3 e5 12. dxe5 Nxe5 13. Be2 Bc6 14. Nd4 Bd7
15. Bg5 Qb6 16. Bxf6 gxf6 17. Ndb5 d4 18. Qxd4 Bc5 19. Qh4 a6 20. Na4 Qc6 21.
Rac1 Bxf2+ 22. Qxf2 1-0

[Event "Hastings Masters 2016-17"]
[Site "Hastings ENG"]
[Date "2016.12.31"]
[Round "4.31"]
[White "Sikkel, Dirk"]
[Black "Byron, Alan M"]
[Result "0-1"]
[WhiteElo "1956"]
[BlackElo "2131"]
[WhiteFideId "1050079"]
[BlackFideId "401773"]
[EventDate "2016.12.28"]

1. e4 c6 2. d4 d5 3. exd5 cxd5 4. Bd3 Nc6 5. c3 Qc7 6. Ne2 Bg4 7. f3 Bd7 8. Bf4
e5 9. dxe5 Nxe5 10. O-O Bd6 11. Nd4 Ne7 12. Na3 a6 13. Nac2 O-O 14. Qd2 N7g6 15.
Bg3 f5 16. f4 Nxd3 17. Qxd3 Rae8 18. Rad1 Kh8 19. Kh1 Re4 20. Ne3 Qa5 21. b4 Qa4
22. Nxd5 Qxa2 23. Nb6 Qf7 24. Nxd7 Qxd7 25. Nf3 Re6 26. Qd5 Qc8 27. Nd4 Ref6 28.
Rde1 Bb8 29. Rf3 Rd8 30. Qb3 h6 31. h3 Kh7 32. Qc2 Qd7 33. Bh2 Rc8 34. Qd3 Rd8
35. Qf1 Qd5 36. Bg1 Nh4 37. Rf2 Ng6 38. Rf3 Nf8 39. c4 Qf7 40. g3 Rc8 41. Rc1
Ne6 42. Nb3 g5 43. Be3 gxf4 44. gxf4 Rg6 45. Rc2 Rcg8 46. Nd4 a5 47. bxa5 Nc5
48. Ne2 Ne4 49. Rb2 Qd7 50. Rb6 Rxb6 51. axb6 Qc6 52. Kh2 Qxc4 53. Nd4 Qd5 54.
Qb5 Nc5 55. Rf2 Bxf4+ 56. Bxf4 Qxd4 57. Qf1 Ne4 58. Rc2 Rg7 59. Rc7 Qb2+ 60. Kh1
Nf2+ 61. Kh2 Ne4+ 62. Kh1 Nf2+ 63. Kh2 Nd3+ 64. Kh1 Nxf4 65. Rxg7+ Kxg7 66. Qxf4
Qb1+ 67. Kg2 Qxb6 68. Qe5+ Qf6 69. Qc7+ Qf7 70. Qc3+ Kh7 71. Kf2 Qe7 72. Qa5
Qh4+ 73. Kg2 Qe4+ 74. Kf2 Kg6 75. Qb6+ Qc6 76. Qd8 Qc2+ 77. Kf3 Qe4+ 78. Kf2
Qc2+ 79. Kf3 Qc3+ 80. Kg2 Qc6+ 81. Kf2 Qe6 82. Qc7 b6 83. Qg3+ Kf7 84. Qc7+ Kf6
85. Qc3+ Qe5 86. Qc6+ Kg5 87. Kg2 Qe4+ 0-1

[Event "Hastings Masters 2016-17"]
[Site "Hastings ENG"]
[Date "2016.12.31"]
[Round "4.32"]
[White "Raddatz, Michael"]
[Black "Garriga Cazorla, Pere"]
[Result "0-1"]
[BlackTitle "FM"]
[WhiteElo "2028"]
[BlackElo "2386"]
[WhiteFideId "4613252"]
[BlackFideId "32011601"]
[EventDate "2016.12.28"]

1. e4 c5 2. Nf3 d6 3. d4 cxd4 4. Nxd4 Nf6 5. Nc3 a6 6. Bg5 Nbd7 7. Qd2 h6 8. Bh4
g6 9. f3 Bg7 10. Bc4 Qc7 11. Bb3 Nc5 12. Bxf6 exf6 13. Bd5 Rb8 14. O-O O-O 15.
Rab1 Bd7 16. Rfd1 b5 17. b4 Ne6 18. Nde2 Rbd8 19. Bb3 Bc8 20. Nd5 Qa7+ 21. Kh1
Kh7 22. Qe1 Nc7 23. Nd4 Nxd5 24. Bxd5 Rde8 25. Qg3 Qb6 26. Qf4 h5 27. Rbc1 Bh6
28. Qxf6 Bg7 29. Qf4 Bxd4 30. Bxf7 Be5 0-1

[Event "Hastings Masters 2016-17"]
[Site "Hastings ENG"]
[Date "2016.12.31"]
[Round "4.33"]
[White "Bellin, Robert"]
[Black "White, Stuart A"]
[Result "1-0"]
[WhiteTitle "IM"]
[WhiteElo "2353"]
[BlackElo "1999"]
[WhiteFideId "400343"]
[BlackFideId "407747"]
[EventDate "2016.12.28"]

1. Nf3 d5 2. e3 Nf6 3. b3 Bg4 4. Bb2 Nbd7 5. Be2 e6 6. h3 Bxf3 7. Bxf3 Bd6 8. d3
O-O 9. Nd2 Qe7 10. a3 Rfd8 11. O-O Be5 12. d4 Bd6 13. Re1 c6 14. c4 Rac8 15. Qb1
Bb8 16. g3 Qd6 17. e4 dxe4 18. Nxe4 Nxe4 19. Qxe4 Nf6 20. Qh4 Qc7 21. Re3 Qa5
22. d5 e5 23. b4 Qa6 24. Bxe5 Bxe5 25. Rxe5 cxd5 26. Bxd5 Nxd5 27. cxd5 Re8 28.
Rxe8+ Rxe8 29. Qd4 Qd6 30. Rd1 b6 31. Kg2 h5 32. h4 g6 33. Qc4 Rd8 34. Rd3 Rd7
35. Kf3 Rd8 36. Qf4 Kg7 37. Qxd6 Rxd6 38. Ke4 Kf6 39. Rc3 Rd7 40. Rc6+ Ke7 41.
Ke5 1-0

[Event "Hastings Masters 2016-17"]
[Site "Hastings ENG"]
[Date "2016.12.31"]
[Round "4.34"]
[White "Snape, Ian L"]
[Black "Batchelor, Paul A"]
[Result "1-0"]
[WhiteElo "2222"]
[BlackElo "1965"]
[WhiteFideId "404489"]
[BlackFideId "404225"]
[EventDate "2016.12.28"]

1. d4 Nf6 2. c4 e6 3. Nf3 Bb4+ 4. Bd2 Qe7 5. a3 Bxd2+ 6. Nbxd2 d6 7. e4 e5 8. d5
a5 9. b4 axb4 10. axb4 Rxa1 11. Qxa1 O-O 12. g3 g6 13. Bg2 Nfd7 14. O-O f5 15.
exf5 gxf5 16. Re1 Qg7 17. Nh4 e4 18. Qxg7+ Kxg7 19. f3 Ne5 20. fxe4 f4 21. gxf4
Rxf4 22. Nhf3 Nd3 23. Re3 Nxb4 24. e5 dxe5 25. Nxe5 N8a6 26. Ne4 b6 27. Rg3+ Kf8
28. Ng5 Bf5 29. Bh3 Bxh3 30. Nxh7+ Ke8 31. Rxh3 Rf5 32. Re3 Kd8 33. h4 Rh5 34.
Nf6 Rf5 35. Nc6+ 1-0

[Event "Hastings Masters 2016-17"]
[Site "Hastings ENG"]
[Date "2016.12.31"]
[Round "4.35"]
[White "Norinkeviciute, Rasa"]
[Black "Hand, Freddie"]
[Result "0-1"]
[WhiteTitle "WFM"]
[WhiteElo "1994"]
[BlackElo "2205"]
[WhiteFideId "12801925"]
[BlackFideId "436950"]
[EventDate "2016.12.28"]

1. c4 c6 2. g3 d5 3. Bg2 Nf6 4. Nf3 dxc4 5. a4 g6 6. Na3 Qd5 7. Qc2 Be6 8. Nh4
Qd4 9. O-O Na6 10. Nf3 Qc5 11. d4 cxd3 12. Qxd3 Bd5 13. Be3 Qb4 14. Bd4 Bg7 15.
Rfe1 Nc5 16. Qe3 Nb3 17. Bc3 Qb6 18. Rad1 Qxe3 19. fxe3 Nc5 20. a5 Nce4 21. Be5
O-O 22. Nd2 Nxd2 23. Rxd2 Bxg2 24. Kxg2 Ne4 25. Bxg7 Nxd2 26. Bxf8 Kxf8 27. Rd1
Nb3 28. Nc4 Ke8 29. Rd3 Nc5 30. Rd4 Rd8 31. Rh4 h5 32. g4 Rd5 33. gxh5 gxh5 34.
Kf2 Kd7 35. b4 Na6 36. Nb2 c5 37. b5 Nc7 38. b6 axb6 39. axb6 Na8 40. Nc4 Kc6
41. e4 Rg5 42. Rf4 f6 43. h4 Rg6 44. Rf5 Rh6 45. Ke3 Kb5 46. Kd3 Nxb6 47. Nxb6
Kxb6 48. Kc4 e5 49. Kd5 Kb5 50. Rf1 b6 51. Ra1 Rh8 52. Rb1+ Ka6 53. Kc6 Rc8+ 54.
Kd5 c4 55. Ke6 Rc6+ 56. Kd5 Kb7 57. e3 c3 58. Rg1 c2 59. Rc1 b5 60. Ra1 Rc7 61.
Rc1 b4 0-1

[Event "Hastings Masters 2016-17"]
[Site "Hastings ENG"]
[Date "2016.12.31"]
[Round "4.36"]
[White "Lyell, Mark"]
[Black "Ruane, Brendan J"]
[Result "1/2-1/2"]
[WhiteTitle "FM"]
[WhiteElo "2203"]
[BlackElo "1867"]
[WhiteFideId "402354"]
[BlackFideId "430218"]
[EventDate "2016.12.28"]

1. e4 d6 2. d4 Nf6 3. Nc3 c6 4. Nf3 Bg4 5. h3 Bh5 6. Qe2 e6 7. g4 Bg6 8. h4 h5
9. g5 Nfd7 10. Bd2 Be7 11. O-O-O d5 12. Ne1 Nb6 13. Bf4 N8d7 14. Bg2 a6 15. Nd3
Nc4 16. exd5 cxd5 17. Bxd5 Bxd3 18. cxd3 Nxb2 19. Kxb2 Qa5 20. Bb3 Ba3+ 21. Kb1
Qxc3 22. g6 Qxd4 23. gxf7+ Kf8 24. Be3 Qb4 25. Bd2 Qd4 26. Bc1 Bxc1 27. Rxc1 Rh6
28. Rc4 Qd6 29. Qe3 Nb6 30. Rd4 Nd5 31. Re1 Qb6 32. Qe5 Rd8 33. Ka1 Qc6 34. Rxd5
Rxd5 35. Bxd5 Qxd5 36. Qxd5 exd5 37. Re5 d4 38. Rd5 Rf6 39. Rxd4 Rxf2 40. Rd8+
Kxf7 41. Rd7+ Kf6 42. Rxb7 Rf4 43. Rb6+ Ke5 44. Rxa6 Rxh4 45. Ra5+ Kf6 46. Ra6+
Kf5 47. Ra5+ Kf6 48. Ra6+ Kf5 49. Ra5+ Kf6 1/2-1/2

[Event "Hastings Masters 2016-17"]
[Site "Hastings ENG"]
[Date "2016.12.31"]
[Round "4.37"]
[White "Pickersgill, Adrian O"]
[Black "Scott, Gordon W"]
[Result "1/2-1/2"]
[WhiteElo "1985"]
[BlackElo "2198"]
[WhiteFideId "404519"]
[BlackFideId "419559"]
[EventDate "2016.12.28"]

1. e4 e6 2. d4 d5 3. Nc3 Bb4 4. e5 Ne7 5. Bd2 b6 6. Qg4 O-O 7. Nf3 Ba6 8. Bxa6
Nxa6 9. O-O Nf5 10. a3 Be7 11. Ne2 c5 12. c3 Nb8 13. Ng3 Nxg3 14. Qxg3 Kh8 15.
Bg5 Nc6 16. Rad1 Rc8 17. Bxe7 Nxe7 18. Rfe1 Nf5 19. Qf4 Qd7 20. g4 Ne7 21. Re3
cxd4 22. Nxd4 f5 23. exf6 Rxf6 24. Qg3 Re8 25. Rde1 Nc6 26. g5 Nxd4 27. gxf6 Nf5
28. fxg7+ Kg8 29. Qe5 Nxe3 30. Rxe3 Re7 31. Qb8+ Qe8 32. Qxe8+ Rxe8 33. Rg3 Re7
34. f4 Rxg7 35. Kf2 Kf7 36. Ke3 Rg6 37. a4 Kf6 38. b3 Kf5 39. c4 e5 40. fxe5
Rxg3+ 41. hxg3 dxc4 42. bxc4 Kxe5 43. Kd3 Kf5 44. Ke3 Ke5 45. Kd3 Kd6 46. Kd4 h5
47. Ke4 Kc5 48. Kf5 Kxc4 49. Kg5 Kb4 50. Kxh5 Kxa4 51. g4 b5 52. g5 b4 53. g6 b3
54. g7 b2 55. g8=Q b1=Q 56. Qc4+ Ka5 57. Qc3+ Qb4 58. Qc7+ Qb6 59. Qc3+ Kb5 60.
Qd3+ Kc6 61. Qe4+ Kd6 62. Qf4+ Kd7 63. Qf7+ Kc6 64. Qf3+ Kc7 65. Qf7+ Kb8 66.
Qe8+ Kb7 67. Qe4+ Qc6 68. Qb1+ Kc7 69. Qh7+ Qd7 70. Qc2+ Kd8 71. Kg5 a5 72. Qb3
a4 73. Qb8+ Ke7 74. Qb4+ Kf7 75. Qc4+ Kg7 76. Qc3+ Kh7 77. Qc2+ Kh8 78. Qh2+ Qh7
79. Qd6 Qg7+ 80. Kf4 Qf7+ 81. Ke4 Qb7+ 82. Ke3 Qb3+ 83. Qd3 Qe6+ 84. Kd2 Qa2+
85. Qc2 Qd5+ 86. Qd3 Qg5+ 87. Kc2 Qg2+ 88. Qd2 Qxd2+ 1/2-1/2

[Event "Hastings Masters 2016-17"]
[Site "Hastings ENG"]
[Date "2016.12.31"]
[Round "4.38"]
[White "Ramsdal, Jens Albert"]
[Black "Reher, Wolfgang"]
[Result "1-0"]
[WhiteElo "2190"]
[BlackElo "1832"]
[WhiteFideId "1429221"]
[BlackFideId "12939951"]
[EventDate "2016.12.28"]

1. e4 e6 2. d4 b6 3. Nf3 Bb7 4. Bd3 Nf6 5. Qe2 Be7 6. e5 Nd5 7. c4 Nb4 8. Be4
Bxe4 9. Qxe4 c6 10. a3 N4a6 11. Qg4 Kf8 12. Nc3 d5 13. exd6 Qxd6 14. Bf4 Qd8 15.
Rd1 Nd7 16. O-O Nf6 17. Qh3 h6 18. Rfe1 Kg8 19. Ne5 Qc8 20. Rd3 c5 21. Rg3 Kf8
22. Ne4 Nxe4 23. Rxe4 cxd4 24. Qg4 Bf6 25. Rxd4 Nb8 26. Qf3 Na6 27. Nd7+ Ke8 28.
Nxf6+ gxf6 29. Bxh6 Ke7 30. Bg7 1-0

[Event "Hastings Masters 2016-17"]
[Site "Hastings ENG"]
[Date "2016.12.31"]
[Round "4.39"]
[White "Press, Harry"]
[Black "Gaudeau, Valentin"]
[Result "1-0"]
[WhiteElo "1826"]
[BlackElo "2182"]
[WhiteFideId "3215539"]
[BlackFideId "662216"]
[EventDate "2016.12.28"]

1. d4 f5 2. Bg5 h6 3. Bh4 g5 4. Bg3 Nf6 5. e3 d6 6. Nc3 e6 7. h4 Rg8 8. hxg5
hxg5 9. Be2 Qe7 10. Bc4 a6 11. a4 b6 12. f3 Bb7 13. Qd2 d5 14. Bd3 c5 15. Be5
Nc6 16. g4 fxg4 17. fxg4 Nxg4 18. Rh7 Bg7 19. Bg6+ Kd8 20. Nf3 Ncxe5 21. dxe5
Rh8 22. Rxh8+ Bxh8 23. O-O-O Nxe5 24. Nxe5 Bxe5 25. Rf1 Bf6 26. Ne4 Be5 27. Rf7
Qe8 28. Nxc5 bxc5 29. Qa5+ Kc8 30. Qxc5+ Kb8 31. Rf8 Qxf8 32. Qxf8+ Ka7 33. Qc5+
Kb8 34. Qe7 Bc8 35. Qxg5 Bd6 36. Bf7 Ra7 37. Bxe6 1-0

[Event "Hastings Masters 2016-17"]
[Site "Hastings ENG"]
[Date "2016.12.31"]
[Round "4.40"]
[White "Kearsley, Raymond J"]
[Black "Wilbrandt, Simon Pil"]
[Result "0-1"]
[WhiteElo "1718"]
[BlackElo "2180"]
[WhiteFideId "470562"]
[BlackFideId "1436988"]
[EventDate "2016.12.28"]

1. e4 c5 2. Nf3 Nc6 3. Bb5 e6 4. O-O Nge7 5. c3 a6 6. Ba4 b5 7. Bb3 d5 8. exd5
Nxd5 9. d4 cxd4 10. cxd4 Bb4 11. Nbd2 O-O 12. Ne4 Nce7 13. Bd2 Bxd2 14. Qxd2 Bb7
15. Nc5 Bc6 16. Rac1 Nf6 17. Ne5 Bd5 18. Bxd5 Qxd5 19. Rfd1 Rfd8 20. Qa5 Nc6 21.
Nxc6 Qxc6 22. Nb3 Qd6 23. Qc7 Nd5 24. Qc6 Qxc6 25. Rxc6 Nb4 26. Rc7 Nxa2 27. Ra1
Nb4 28. Rac1 Nd5 29. Rb7 Rd6 30. Rc5 Kf8 31. Kf1 Ke8 32. Ke2 Rd7 33. Rxd7 Kxd7
34. g3 Nb6 35. Rg5 g6 36. Kd3 Nd5 37. Re5 a5 38. Re1 a4 39. Nc5+ Kd6 40. Rb1
Nb4+ 41. Ke3 Kd5 42. Nd7 Rd8 43. Nf6+ Kc4 44. Rc1+ Kb3 45. Rc5 Nc2+ 0-1

[Event "Hastings Masters 2016-17"]
[Site "Hastings ENG"]
[Date "2016.12.31"]
[Round "4.41"]
[White "Trevelyan, John"]
[Black "Wilson, Matthew R"]
[Result "1/2-1/2"]
[WhiteElo "2082"]
[BlackElo "1791"]
[WhiteFideId "1800922"]
[BlackFideId "423459"]
[EventDate "2016.12.28"]

1. d4 Nf6 2. Nf3 e6 3. c4 d5 4. Nc3 Be7 5. Bg5 h6 6. Bxf6 Bxf6 7. cxd5 exd5 8.
e3 O-O 9. Bd3 Be7 10. Qc2 c6 11. O-O Nd7 12. a3 a5 13. Rab1 b5 14. a4 b4 15. Ne2
c5 16. b3 Bb7 17. Rbc1 Rc8 18. Qd2 Qb6 19. Bf5 Rc7 20. Bxd7 Rxd7 21. dxc5 Bxc5
22. Ned4 Bd6 23. Rfd1 Bb8 24. Qd3 Rdd8 25. Qb5 Rd6 26. Qxb6 Rxb6 27. Rc5 Rc8 28.
Rdc1 Rxc5 29. Rxc5 Ra6 30. Rb5 Ra7 31. Nc6 Bxc6 32. Rxb8+ Kh7 33. Rc8 Bd7 34.
Rc5 Ra8 35. Kf1 Rc8 36. Rxa5 Rc1+ 37. Ke2 Rc2+ 38. Ke1 Rb2 39. Nd4 Be6 40. Rb5
Rb1+ 41. Ke2 Bg4+ 42. f3 Rb2+ 43. Kf1 Bc8 44. Rxb4 Ba6+ 45. Kg1 Rb1+ 46. Kf2
Rb2+ 47. Kg3 Bf1 48. Kf4 Rxg2 49. a5 Rxh2 50. Ra4 f6 51. e4 dxe4 52. Kxe4 Ba6
53. b4 Rb2 54. b5 Bxb5 55. Nxb5 Rxb5 56. a6 Re5+ 57. Kf4 Re8 58. a7 Ra8 59. Kf5
h5 60. Kf4 g5+ 61. Kf5 Kg7 62. Ra6 g4 63. f4 g3 64. Ra2 Kf7 65. Ke4 g2 66. Rxg2 1/2-1/2

[Event "Hastings Masters 2016-17"]
[Site "Hastings ENG"]
[Date "2016.12.31"]
[Round "4.42"]
[White "Witt, Holger"]
[Black "Punnett, Alan K"]
[Result "1/2-1/2"]
[WhiteElo "1628"]
[BlackElo "2047"]
[WhiteFideId "24678139"]
[BlackFideId "405400"]
[EventDate "2016.12.28"]

1. c4 Nf6 2. Nc3 e5 3. Nf3 Nc6 4. d4 d6 5. dxe5 Nxe5 6. Nxe5 dxe5 7. Qxd8+ Kxd8
8. Bg5 c6 9. O-O-O+ Kc7 10. e4 Bc5 11. f3 Nd7 12. Be2 f6 13. Bh4 Nf8 14. Rhf1
Ne6 15. Bf2 Bd4 16. Kc2 Bd7 17. Bd3 a5 18. Bg1 Rhd8 19. h3 Bxg1 20. Rxg1 Be8 21.
Rge1 Bf7 22. Bf1 Nd4+ 23. Kb1 b6 24. b3 Rd7 25. Rd3 Rad8 26. Red1 Bg6 27. Kb2
Bf7 28. R3d2 Be6 29. Ne2 h5 30. Nc3 g5 31. Rd3 Rg8 32. Ne2 Nxe2 33. Rxd7+ Bxd7
34. Bxe2 Be6 35. Kc3 Rg7 36. a4 Rd7 37. Rxd7+ Kxd7 38. Bd3 Kd6 39. g4 hxg4 40.
hxg4 Kc5 41. Be2 Bd7 42. Bd3 b5 43. cxb5 cxb5 44. axb5 Bxb5 45. Bxb5 Kxb5 46.
Kb2 Kc6 47. Kc2 Kc5 48. Kc3 Kb5 49. Kb2 Kb4 50. Kc2 Kb5 1/2-1/2

[Event "Hastings Masters 2016-17"]
[Site "Hastings ENG"]
[Date "2016.12.31"]
[Round "4.43"]
[White "Hill, Alistair"]
[Black "Dennis, Nigel W"]
[Result "1-0"]
[WhiteElo "2237"]
[BlackElo "1818"]
[WhiteFideId "432407"]
[BlackFideId "408913"]
[EventDate "2016.12.28"]

1. e4 c5 2. Nf3 e6 3. d4 cxd4 4. Nxd4 Nf6 5. Nc3 d6 6. g4 h6 7. Rg1 Nc6 8. Be3
Nxd4 9. Qxd4 e5 10. Qa4+ Bd7 11. Bb5 a6 12. Bxd7+ Qxd7 13. Qxd7+ Kxd7 14. O-O-O
b5 15. f4 exf4 16. Bxf4 g5 17. Bxd6 Bxd6 18. e5 Ne8 19. Ne4 Rc8 20. Nxd6 Nxd6
21. Rxd6+ Ke7 22. Rxa6 Rc5 23. Re1 h5 24. gxh5 Rxh5 25. Re2 g4 26. e6 fxe6 27.
Raxe6+ Kd7 28. Rg6 Rc4 29. Rg2 Rf4 30. b3 Rh4 31. Kb2 b4 32. a3 bxa3+ 33. Kxa3
Kc7 34. c4 Kb7 35. Kb4 Kc7 36. Kb5 Rh5+ 37. c5 Rh3 38. Rg7+ Kc8 39. Rg3 Rxh2 40.
R7xg4 Rf7 41. Rg8+ Kc7 42. R3g7 Rh7 43. Rxh7 Rxh7 44. b4 Kb7 45. Rg6 Kc7 46. Ra6
Rh5 47. Ra7+ Kb8 48. Rg7 Kc8 49. Kb6 Rh6+ 50. c6 Rh8 51. Ra7 Kb8 52. c7+ 1-0

[Event "Hastings Masters 2016-17"]
[Site "Hastings ENG"]
[Date "2016.12.31"]
[Round "4.44"]
[White "Roggensack, Hans Peter"]
[Black "Warnke, Klaus"]
[Result "1-0"]
[WhiteElo "2055"]
[BlackElo "1695"]
[WhiteFideId "12904767"]
[BlackFideId "4661397"]
[EventDate "2016.12.28"]

1. e4 c5 2. Nf3 e6 3. c4 Nc6 4. Nc3 d6 5. d4 cxd4 6. Nxd4 g6 7. Be2 Bg7 8. Be3
a6 9. O-O Nge7 10. Qd2 O-O 11. Rfd1 Qa5 12. Nb3 Qb4 13. Qxd6 Bxc3 14. bxc3 Qxc3
15. Rac1 Qe5 16. Qxe5 Nxe5 17. Bc5 Re8 18. f4 N5c6 19. e5 Rb8 20. Bb6 Kg7 21.
Nc5 Nf5 22. Ne4 Re7 23. Nf6 g5 24. g3 Kg6 25. Kf2 Kg7 26. Kf3 Nh6 27. Bd8 g4+
28. Kf2 Nxd8 29. Rxd8 b6 30. h3 gxh3 31. g4 Kg6 32. Bd3+ Kg7 33. Kg3 Ra7 34. g5
Nf5+ 35. Bxf5 1-0

[Event "Hastings Masters 2016-17"]
[Site "Hastings ENG"]
[Date "2016.12.31"]
[Round "4.45"]
[White "Dean, Michael J"]
[Black "Krueger, Norbert"]
[Result "0-1"]
[WhiteElo "1515"]
[BlackElo "2046"]
[WhiteFideId "416100"]
[BlackFideId "4633245"]
[EventDate "2016.12.28"]

1. e4 c5 2. Nc3 e6 3. f4 Nc6 4. Nf3 d6 5. Bb5 Ne7 6. O-O a6 7. Bxc6+ Nxc6 8. d3
Be7 9. a3 O-O 10. f5 exf5 11. Nd5 fxe4 12. dxe4 Bg4 13. Qd3 Bxf3 14. Qxf3 Nd4
15. Qd3 Bg5 16. Bf4 Bxf4 17. Rxf4 Qg5 18. c3 Nc6 19. Raf1 Ne5 20. Qh3 Rae8 21.
Rh4 h6 22. Rhf4 Qg6 23. g4 Nc4 24. Nf6+ gxf6 25. Rxf6 Qxe4 26. Rxh6 Qe3+ 27. Kg2
Qxh3+ 28. Kxh3 Re3+ 29. Kh4 Re2 30. h3 Rxb2 31. Rf5 Kg7 32. Rfh5 Rg8 33. Rh7+
Kf8 34. Rf5 0-1

[Event "Hastings Masters 2016-17"]
[Site "Hastings ENG"]
[Date "2016.12.31"]
[Round "4.46"]
[White "Vangsgaard, Freja"]
[Black "Young, Mel J"]
[Result "1-0"]
[WhiteTitle "WFM"]
[WhiteElo "1975"]
[BlackElo "1892"]
[WhiteFideId "1436589"]
[BlackFideId "410357"]
[EventDate "2016.12.28"]

1. d4 c5 2. d5 Nf6 3. c4 b5 4. cxb5 a6 5. bxa6 g6 6. Nc3 Bg7 7. e4 O-O 8. Nf3
Qa5 9. Bd2 Bxa6 10. Bxa6 Qxa6 11. Qe2 d6 12. Qxa6 Nxa6 13. O-O Nb4 14. a4 Nc2
15. Ra2 Rfb8 16. Ne1 Nb4 17. Ra3 Ng4 18. h3 Ne5 19. b3 Ned3 20. Nxd3 Nxd3 21.
Rb1 Bd4 22. Nd1 Ne5 23. Bc3 Bxc3 24. Nxc3 Rb4 25. f3 c4 26. bxc4 Rxb1+ 27. Nxb1
Nxc4 28. Ra2 Rb8 29. Nc3 Rb3 30. Ne2 Na5 31. Kf2 Kf8 32. Nd4 Rc3 33. Ke2 Ke8 34.
Kd2 Rc5 35. Kd3 Rc1 36. Kd2 Rc5 37. Rc2 Nc4+ 38. Kd3 Ne5+ 39. Ke2 Nc4 40. Nb3
Rc8 41. Nd2 Nb6 42. Rxc8+ Nxc8 43. Nc4 Kd7 44. Ke3 Kc7 45. Kf4 f6 46. h4 Nb6 47.
Nb2 Nd7 48. g4 Kb6 49. Nc4+ Kc5 50. Na5 Kb4 51. Nc6+ Kxa4 52. Nxe7 Kb5 53. h5
Ne5 54. hxg6 hxg6 55. Ng8 Nd7 56. g5 fxg5+ 57. Kxg5 Ne5 58. f4 Nd3 59. Ne7 Kc5
60. f5 gxf5 61. exf5 1-0

[Event "Hastings Masters 2016-17"]
[Site "Hastings ENG"]
[Date "2017.01.01"]
[Round "5.26"]
[White "Hand, Freddie"]
[Black "Press, Harry"]
[Result "1-0"]
[WhiteElo "2205"]
[BlackElo "1826"]
[WhiteFideId "436950"]
[BlackFideId "3215539"]
[EventDate "2016.12.28"]

1. d4 Nf6 2. c4 e6 3. Nc3 Bb4 4. e3 O-O 5. Ne2 d5 6. a3 Be7 7. cxd5 exd5 8. Nf4
c6 9. Bd3 Re8 10. O-O Nbd7 11. f3 Nf8 12. Bc2 Ne6 13. e4 dxe4 14. Nxe6 Bxe6 15.
fxe4 Bg4 16. Qd3 Bh5 17. Bf4 Bg6 18. Rad1 Nd5 19. Bb3 Nxc3 20. Qxc3 Qc8 21. Be5
Qg4 22. Rd3 Bf6 23. Rf4 Qg5 24. Rg3 Bxe5 25. Rxg5 Bxf4 26. Rxg6 Rxe4 27. Qf3
Rae8 28. Rg4 1-0

[Event "Hastings Masters 2016-17"]
[Site "Hastings ENG"]
[Date "2017.01.02"]
[Round "6.1"]
[White "Rasmussen, Allan Stig"]
[Black "Hebden, Mark L"]
[Result "1-0"]
[WhiteTitle "GM"]
[BlackTitle "GM"]
[WhiteElo "2502"]
[BlackElo "2492"]
[WhiteFideId "1406000"]
[BlackFideId "400084"]
[EventDate "2016.12.28"]

1. Nf3 Nf6 2. c4 g6 3. Nc3 Bg7 4. d4 O-O 5. e4 d6 6. Be2 e5 7. O-O Nbd7 8. Re1
Re8 9. Bf1 h6 10. Rb1 Nh7 11. dxe5 Nxe5 12. Nd4 c6 13. h3 Nf6 14. Be3 a6 15. f4
Ned7 16. Qf3 Rb8 17. Bf2 Qc7 18. Rbd1 b5 19. cxb5 cxb5 20. Rc1 Qb7 21. Nd5 Nxd5
22. exd5 Nf6 23. Nc6 Ra8 24. Rxe8+ Nxe8 25. Qb3 Nf6 26. Bd3 Bd7 27. a4 Re8 28.
axb5 axb5 29. Rc2 b4 30. Qc4 Qa8 31. Nxb4 Qa1+ 32. Kh2 Nh5 33. Qc7 Ba4 34. Qa7
Bxb2 35. Rxb2 Qxb2 36. Qxa4 Rb8 37. Nc2 Qc1 38. Be3 Qd1 39. Be4 Rb1 40. Qe8+ Kg7
41. Bd4+ Nf6 42. Qe7 1-0